[Event "26th Abu Dhabi Master 2019"]
[Site "Abu Dhabi"]
[Date "2019.08.07"]
[Round "6.4"]
[White "Socko, Bartosz"]
[Black "Petrosyan, Manuel"]
[Result "1-0"]
[WhiteElo "2625"]
[BlackElo "2592"]
[Annotator "TA"]
[PlyCount "133"]
[EventDate "2019.08.02"]
[EventType "swiss"]
[EventCountry "UAE"]
[SourceTitle "playchess.com"]
[Source "ChessBase"]
[SourceQuality "1"]

{[%evp 9,133,2,4,-21,7,0,6,7,0,-1,38,-1,64,47,52,47,38,54,58,65,60,64,51,58,80,48,73,0,20,2,0,0,0,-9,-9,-16,-18,-79,-72,-66,-87,-71,0,0,0,-4,0,-28,12,12,31,10,11,8,41,41,122,108,137,91,103,95,89,92,82,83,97,82,118,104,151,159,167,89,181,138,151,91,91,91,95,106,163,177,164,86,79,82,68,45,45,45,49,47,74,70,70,48,80,80,237,237,320,344,336,329,569,519,544,483,1165,1002,5073,5073,12632,6514,4319,1766,29973,29977,29977,29978,29978,29979,29978,29977]} 1. e4 e5 2. Nf3 Nc6 3. d4 exd4 4. Nxd4 Nf6 5. Nxc6 bxc6 6. Qe2 {C45: Scotch Game} (6. e5 {is interesting.} Qe7 7. Qe2 Nd5 8. c4 Nb6 9. Nc3) 6... d6 7. Nc3 Be7 8. Be3 {The position is equal.} O-O 9. O-O-O Be6 10. h3 Qb8 $146 (10... d5 $11) ({Predecessor:} 10... Nd7 11. f4 Nb6 12. f5 Bc4 13. Qg4 Bxf1 {½-½ (54) Vallejo Pons,F (2706)-Ponomariov,R (2743) Khanty-Mansiysk 2013}) 11. f4 Qb4 {...Rfb8 is the strong threat.} 12. a3 Qb7 13. Qa6 $1 {[%cal Ra6b7]} Qxa6 14. Bxa6 Bc8 15. Be2 Nd7 16. Bf3 Bb7 17. Rhe1 Rfe8 18. g4 (18. Bf2 $16) 18... h6 $11 19. e5 {aiming for Nb5!} Bh4 $1 20. Re2 d5 21. b4 a6 {[%cal Ba7a6,Ba6a5][%mdl 32]} 22. Na4 a5 {Threatens to win with ...axb4.} 23. Nc5 (23. b5 $1 $11 {keeps the balance.}) 23... Nxc5 $17 24. bxc5 Ba6 25. Rg2 g5 ({Black should play} 25... f6 $1 $17 {[%cal Rf6e5]} 26. Bd4 fxe5 27. fxe5 Bg5+ 28. Kb2 Bf4) 26. Be2 $11 Bxe2 27. Rxe2 Rab8 28. Kd2 Rb5 29. fxg5 hxg5 30. Bd4 Bg3 31. Rf1 Re6 32. Kd3 Rb8 {[#]} (32... Bf4 $14) 33. Rf5 $1 $16 Rg6 34. Bf2 Bf4 35. Be3 Rh6 36. Bxf4 gxf4 {[%mdl 4096] Endgame KRR-KRR} 37. Rh2 Rb1 38. Rxf4 Ra1 39. Ra4 Re1 40. Rxa5 Rxe5 41. Ra7 (41. h4 $18) 41... Re7 (41... Re4 $16 {was called for.}) 42. Kd2 Rhe6 43. Rb7 (43. Ra6 $142) 43... Re4 44. Rb4 Re3 45. Rb3 d4 (45... R3e4 $16) 46. Rf2 $18 R7e5 47. Rf5 ({White should try} 47. a4 $18) 47... Rxf5 $16 48. gxf5 {KR-KR} Re5 49. Rb4 Rxc5 50. Rxd4 Rxf5 51. a4 Ra5 52. Kc3 c5 $1 {[%cal Rc5d4]} 53. Rg4+ Kh7 54. Kb3 f5 $2 (54... Kh6 $16) 55. Rg5 $18 f4 {[#] Hoping for ...c4+!} 56. Ka3 $1 Ra6 57. Rf5 (57. Rxc5 Kg6 $15) 57... Rh6 $2 (57... Kg7) 58. Rxf4 Rxh3+ 59. Kb2 Kg6 (59... Rh6 $142 60. Rf7+ {[%mdl 64] Double Attack} Kg6 61. Rxc7 Rh4) 60. a5 {[%cal Ba4a5,Ba5a6,Ba6a7][%mdl 32]} c6 61. a6 Rh8 62. Kb3 Rb8+ 63. Kc3 Rh8 64. a7 {White mates.} Rh3+ 65. Kb2 Rh8 66. Ra4 Ra8 67. Kc3 {Accuracy: White = 62%, Black = 44%.} 1-0

[Event "26th Abu Dhabi Master 2019"]
[Site "Abu Dhabi"]
[Date "2019.08.07"]
[Round "6.5"]
[White "Yakubboev, Nodirbek"]
[Black "Indjic, Aleksandar"]
[Result "1-0"]
[WhiteElo "2575"]
[BlackElo "2604"]
[Annotator "ChessBase"]
[PlyCount "97"]
[EventDate "2019.08.02"]
[EventType "swiss"]
[EventCountry "UAE"]
[SourceTitle "playchess.com"]
[Source "ChessBase"]
[SourceQuality "1"]
[TimeControl "5400+30"]

1. d4 {[%emt 0:00:00]} Nf6 {[%emt 0:01:11]} 2. c4 {[%emt 0:00:28]} e6 {[%emt 0:00:11]} 3. Nf3 {[%emt 0:00:54]} Bb4+ {[%emt 0:00:51]} 4. Bd2 {[%emt 0:01:35]} a5 {[%emt 0:00:30]} 5. g3 {[%emt 0:01:41]} b6 {[%emt 0:00:07]} 6. Bg2 {[%emt 0:00:05]} Bb7 {[%emt 0:00:07]} 7. O-O {[%emt 0:01:45]} Bxd2 {[%emt 0:01:25]} 8. Qxd2 {[%emt 0:02:26]} O-O {[%emt 0:03:52]} 9. Qf4 {[%emt 0:12:35]} Nh5 {[%emt 0:02:34]} 10. Qh4 {[%emt 0:00:07]} Qxh4 {[%emt 0:01:05]} 11. Nxh4 {[%emt 0:00:04]} Bxg2 {[%emt 0:00:15]} 12. Kxg2 {[%emt 0:00:01]} Nc6 {[%emt 0:04:14]} 13. Nf3 {[%emt 0:05:30]} Nf6 {[%emt 0:00:10]} 14. Nc3 {[%emt 0:00:30]} d6 {[%emt 0:00:12]} 15. Rfd1 {[%emt 0:04:16]} a4 {[%emt 0:03:46]} 16. d5 {[%emt 0:03:24]} Na5 {[%emt 0:07:54]} 17. Nd2 {[%emt 0:06:21]} Rfc8 {[%emt 0:01:34]} 18. b3 {[%emt 0:08:46]} Nb7 {[%emt 0:17:14]} 19. dxe6 {[%emt 0:02:48]} fxe6 {[%emt 0:00:10]} 20. Nxa4 {[%emt 0:00:03]} Rxa4 {[%emt 0:00:07]} 21. bxa4 {[%emt 0:00:03]} Ra8 {[%emt 0:00:08]} 22. a5 {[%emt 0:07:17]} Nxa5 {[%emt 0:01:14]} 23. Rdc1 {[%emt 0:03:04]} Nd7 {[%emt 0:00:27]} 24. Nb3 {[%emt 0:00:30]} Kf7 {[%emt 0:02:49]} 25. Nxa5 {[%emt 0:00:13]} Rxa5 {[%emt 0:00:06]} 26. a4 {[%emt 0:00:10]} Ke7 {[%emt 0:00:21]} 27. f4 {[%emt 0:01:40]} g6 {[%emt 0:07:41]} 28. Rc3 {[%emt 0:04:48]} h5 {[%emt 0:03:10]} 29. Rb3 {[%emt 0:03:49]} Rc5 {[%emt 0:02:44]} 30. Rb4 {[%emt 0:01:28]} e5 {[%emt 0:01:02]} 31. Kf3 {[%emt 0:01:58]} Ke6 {[%emt 0:00:25]} 32. e3 {[%emt 0:01:34]} Kf6 {[%emt 0:01:53]} 33. Ke4 {[%emt 0:02:12]} Ra5 {[%emt 0:00:08]} 34. Rb5 {[%emt 0:01:19]} Ra7 {[%emt 0:00:09]} 35. Kd5 {[%emt 0:09:36]} Ke7 {[%emt 0:00:52]} 36. a5 {[%emt 0:02:56]} Nf6+ {[%emt 0:02:53]} 37. Kc6 {[%emt 0:00:05]} Nd7 {[%emt 0:00:14]} 38. Rbb1 {[%emt 0:01:48]} bxa5 {[%emt 0:23:59]} 39. Rb7 {[%emt 0:00:21]} Rxb7 {[%emt 0:02:03]} 40. Kxb7 {[%emt 0:00:03]} c5 {[%emt 0:04:16]} 41. Rxa5 {[%emt 0:02:45]} Ke6 {[%emt 0:00:06]} 42. Kc6 {[%emt 0:01:11]} Nf6 {[%emt 0:00:37]} 43. Ra8 {[%emt 0:02:19]} Ng4 {[%emt 0:01:53]} 44. Rd8 {[%emt 0:00:52]} e4 {[%emt 0:00:57]} 45. Rxd6+ {[%emt 0:00:20]} Kf7 {[%emt 0:00:23]} 46. Kxc5 {[%emt 0:00:11]} Nxe3 {[%emt 0:00:25]} 47. Rd4 {[%emt 0:00:12]} Nf1 {[%emt 0:00:12]} 48. Rxe4 {[%emt 0:00:06]} Nxh2 {[%emt 0:00:03]} 49. Re3 {[%emt 0:01:11]} 1-0

[Event "26th Abu Dhabi Master 2019"]
[Site "Abu Dhabi"]
[Date "2019.08.07"]
[Round "6.6"]
[White "Yilmaz, Mustafa"]
[Black "Aleksandrov, Aleksej"]
[Result "1/2-1/2"]
[WhiteElo "2618"]
[BlackElo "2571"]
[Annotator "ChessBase"]
[PlyCount "127"]
[EventDate "2019.08.02"]
[EventType "swiss"]
[EventCountry "UAE"]
[SourceTitle "playchess.com"]
[Source "ChessBase"]
[SourceQuality "1"]
[TimeControl "5400+30"]

1. d4 {[%emt 0:02:33]} Nf6 {[%emt 0:00:00]} 2. c4 {[%emt 0:00:05]} e6 {[%emt 0:00:00]} 3. Nf3 {[%emt 0:00:14]} d5 {[%emt 0:00:00]} 4. Nc3 {[%emt 0:00:05]} Bb4 {[%emt 0:00:00]} 5. cxd5 {[%emt 0:00:41]} exd5 {[%emt 0:00:05]} 6. Bg5 {[%emt 0:00:07]} h6 {[%emt 0:00:29]} 7. Bh4 {[%emt 0:00:05]} Bf5 {[%emt 0:00:41]} 8. e3 {[%emt 0:03:34]} Nbd7 {[%emt 0:06:50]} 9. Be2 {[%emt 0:04:51]} c6 {[%emt 0:00:36]} 10. O-O {[%emt 0:04:12]} Bd6 {[%emt 0:04:43]} 11. Bg3 {[%emt 0:08:21]} Bxg3 {[%emt 0:07:12]} 12. hxg3 {[%emt 0:00:05]} Qe7 {[%emt 0:01:38]} 13. Bd3 {[%emt 0:02:20]} Bxd3 {[%emt 0:00:59]} 14. Qxd3 {[%emt 0:00:02]} O-O {[%emt 0:00:12]} 15. Nd2 {[%emt 0:02:05]} Rfe8 {[%emt 0:10:02]} 16. Rae1 {[%emt 0:02:39]} Qd6 {[%emt 0:05:56]} 17. e4 {[%emt 0:09:53]} dxe4 {[%emt 0:00:06]} 18. Ndxe4 {[%emt 0:00:06]} Nxe4 {[%emt 0:01:56]} 19. Nxe4 {[%emt 0:02:19]} Qd5 {[%emt 0:00:36]} 20. Nc3 {[%emt 0:03:04]} Qh5 {[%emt 0:00:27]} 21. Qf3 {[%emt 0:01:45]} Qxf3 {[%emt 0:06:37]} 22. gxf3 {[%emt 0:01:02]} Nf6 {[%emt 0:00:09]} 23. Rxe8+ {[%emt 0:05:12]} Rxe8 {[%emt 0:03:35]} 24. Rd1 {[%emt 0:00:56]} Kf8 {[%emt 0:03:41]} 25. Kf1 {[%emt 0:00:58]} h5 {[%emt 0:00:13]} 26. f4 {[%emt 0:02:46]} g6 {[%emt 0:03:23]} 27. d5 {[%emt 0:09:32]} cxd5 {[%emt 0:01:01]} 28. Nxd5 {[%emt 0:00:04]} Rd8 {[%emt 0:00:11]} 29. Nc3 {[%emt 0:00:12]} Rxd1+ {[%emt 0:00:50]} 30. Nxd1 {[%emt 0:00:02]} Nd5 {[%emt 0:02:03]} 31. Ke2 {[%emt 0:06:28]} Ke7 {[%emt 0:00:10]} 32. Kf3 {[%emt 0:06:55]} Kd6 {[%emt 0:04:33]} 33. Ke4 {[%emt 0:01:56]} f5+ {[%emt 0:06:01]} 34. Kd4 {[%emt 0:00:15]} h4 {[%emt 0:00:09]} 35. gxh4 {[%emt 0:01:08]} Nxf4 {[%emt 0:00:07]} 36. Nc3 {[%emt 0:05:48]} a6 {[%emt 0:04:08]} 37. Ke3 {[%emt 0:01:37]} Ke5 {[%emt 0:00:21]} 38. Na4 {[%emt 0:00:47]} Nd5+ {[%emt 0:06:23]} 39. Kd3 {[%emt 0:06:48]} Nf4+ {[%emt 0:09:39]} 40. Ke3 {[%emt 0:00:01]} Ne6 {[%emt 0:00:10]} 41. Nb6 {[%emt 0:00:50]} f4+ {[%emt 0:00:35]} 42. Kd3 {[%emt 0:02:37]} Nc5+ {[%emt 0:00:39]} 43. Ke2 {[%emt 0:00:09]} Ke4 {[%emt 0:01:03]} 44. f3+ {[%emt 0:02:20]} Kd4 {[%emt 0:02:08]} 45. Nc8 {[%emt 0:00:01]} Nd3 {[%emt 0:00:58]} 46. Ne7 {[%emt 0:01:35]} Ne5 {[%emt 0:00:15]} 47. Ng8 {[%emt 0:00:35]} a5 {[%emt 0:05:46]} 48. Nf6 {[%emt 0:00:21]} a4 {[%emt 0:01:21]} 49. h5 {[%emt 0:01:11]} gxh5 {[%emt 0:00:04]} 50. Nxh5 {[%emt 0:00:03]} Nd3 {[%emt 0:00:25]} 51. Kd2 {[%emt 0:00:36]} b5 {[%emt 0:00:54]} 52. Ng7 {[%emt 0:01:24]} Nxb2 {[%emt 0:00:44]} 53. Ne6+ {[%emt 0:00:09]} Ke5 {[%emt 0:00:08]} 54. Nc7 {[%emt 0:00:11]} b4 {[%emt 0:01:56]} 55. Na6 {[%emt 0:00:01]} Nc4+ {[%emt 0:00:09]} 56. Kc2 {[%emt 0:01:02]} Ne3+ {[%emt 0:00:15]} 57. Kd3 {[%emt 0:00:08]} Nd5 {[%emt 0:01:19]} 58. Nc5 {[%emt 0:00:14]} b3 {[%emt 0:00:37]} 59. axb3 {[%emt 0:00:46]} a3 {[%emt 0:00:08]} 60. b4 {[%emt 0:01:04]} Nxb4+ {[%emt 0:00:10]} 61. Kc3 {[%emt 0:00:12]} a2 {[%emt 0:00:43]} 62. Nb3 {[%emt 0:00:56]} Nc6 {[%emt 0:01:32]} 63. Kb2 {[%emt 0:00:06]} Kd5 {[%emt 0:00:13]} 64. Nc1 {[%emt 0:01:23]} 1/2-1/2

[Event "26th Abu Dhabi Master 2019"]
[Site "Abu Dhabi"]
[Date "2019.08.07"]
[Round "6.7"]
[White "Yuffa, Daniil"]
[Black "Salem, A.R. Saleh"]
[Result "1-0"]
[WhiteElo "2582"]
[BlackElo "2672"]
[Annotator "TA"]
[PlyCount "109"]
[EventDate "2019.08.02"]
[EventType "swiss"]
[EventCountry "UAE"]
[SourceTitle "playchess.com"]
[Source "ChessBase"]
[SourceQuality "1"]

{[%evp 20,109,49,28,27,31,35,25,17,10,42,49,60,63,62,71,59,60,74,54,111,75,83,0,0,0,0,0,0,0,0,-31,-31,-59,-40,-31,-10,-52,0,0,142,-56,0,0,0,0,0,0,160,174,142,162,186,195,202,197,192,140,145,153,288,268,347,373,491,480,462,409,687,626,647,641,630,513,522,532,615,400,456,309,887,924,907,898,834,852,1193,1154,1889,1874,1591,1419]} 1. d4 Nf6 2. c4 g6 3. Nc3 Bg7 4. e4 d6 5. Nf3 O-O 6. Be2 e5 7. O-O Nc6 8. d5 Ne7 9. b4 a5 10. bxa5 Rxa5 11. a4 Nh5 {E97: King's Indian: Classical Main Line (6...e5 7 0-0 Nc6): 8 Be3 and 8 d5 Ne7, not 9 Ne1} 12. Re1 f5 13. Ra3 Nf6 {White has an edge.} 14. Bf1 {[#]} h6 $146 ({Predecessor:} 14... f4 15. Nb5 Nd7 16. Bd2 Ra8 17. Bb4 Nc5 18. Bxc5 dxc5 19. Rd3 Bg4 20. Be2 Nc8 21. Nd2 Bd7 22. Bg4 Bxb5 23. cxb5 Nd6 24. Qc2 b6 25. Rb1 Qe7 26. Ra3 Ra5 {½-½ (26) Sokolov,I (2625)-Smirin,I (2590) Dresden 1998}) 15. Bd2 c5 16. exf5 Nxf5 17. Nb5 Ra6 18. h3 e4 19. Nh2 $1 Re8 (19... Bd7 $14) 20. Ng4 Nh7 21. Bc3 ({White should try} 21. Ne3 $16) 21... Bxc3 $11 22. Nxc3 h5 23. Ne3 Nh4 $1 24. Nc2 Ng5 25. Nb5 Re5 26. Ree3 Bd7 27. Qa1 Qf6 28. Nc7 Ra7 (28... Ra5 $15) 29. a5 $1 Qf4 (29... Nf5 $11 {remains equal.}) 30. Rg3 $2 (30. Ne1 $1 $16 Qf6 31. Qb2) 30... Nhf3+ ({Black should play} 30... Nf5 $1 $15 31. Rgb3 e3 $1 {[%mdl 512]} 32. Rxe3 Nxe3 33. Nxe3 Re7) 31. gxf3 h4 $1 {[%cal Rh4g3]} 32. Rg4 Bxg4 33. fxg4 Rxa5 $2 {[#]} (33... Qd2 $1 $11) 34. Bg2 $1 $16 Rxa3 35. Qxa3 Qd2 36. Ne3 {Black must now prevent Qa8+.} Qe1+ 37. Nf1 Kh7 38. Nb5 $36 {[%mdl 2048] Black is under strong pressure.} (38. Qe3 $18 Qxe3 39. fxe3 (39. Nxe3 Kg7 $16)) 38... e3 39. fxe3 Nf7 (39... Re8 $16 40. Qc3 (40. Nxd6 Rf8 $11) 40... Qxc3 41. Nxc3 Kg7) 40. e4 $18 Re7 41. Qb2 Ne5 {Threatens to win with ...Rf7.} 42. Nxd6 b6 43. Qd2 Qa1 (43... Qxd2 $142 44. Nxd2 Kg7) 44. Qg5 Ra7 45. Qxh4+ Kg7 46. Qd8 Qd4+ 47. Kh1 Rd7 48. Qb8 Nd3 49. Nb5 Qf6 $2 (49... Qf2) 50. Nc7 {And now Ne8+ would win.White is clearly winning.} Kh7 51. Ne6 {aiming for Nf8+.} Rf7 52. Qg3 Nf2+ 53. Kh2 g5 54. e5 Qg6 55. Ne3 {Accuracy: White = 64%, Black = 54%.} 1-0

[Event "26th Abu Dhabi Master 2019"]
[Site "Abu Dhabi"]
[Date "2019.08.07"]
[Round "6.8"]
[White "Aryan Chopra"]
[Black "Onischuk, Vladimir"]
[Result "1-0"]
[WhiteElo "2553"]
[BlackElo "2637"]
[Annotator "TA"]
[PlyCount "75"]
[EventDate "2019.08.02"]
[EventType "swiss"]
[EventCountry "UAE"]
[SourceTitle "playchess.com"]
[Source "ChessBase"]
[SourceQuality "1"]

{[%evp 11,75,54,62,30,77,76,83,78,74,72,110,88,112,112,116,112,169,154,152,156,164,166,156,157,158,155,155,112,162,158,125,124,149,140,222,226,227,227,216,221,238,199,195,206,277,263,277,266,285,302,414,423,950,941,917,931,1460,1318,29984,29985,29990,29991,29991,29992,29992,29993]} 1. e4 d6 2. d4 g6 3. Nc3 Bg7 4. f4 a6 5. Nf3 b5 6. Bd3 Bb7 7. e5 {B06: Modern Defence} (7. O-O Nd7 8. a4 b4 9. Ne2 Ngf6 10. Ng3 O-O 11. c3 bxc3 12. bxc3 a5 13. Rb1 Rb8 14. Bd2 Bc6 15. e5 Nd5 {0-1 (42) Alekseenko,K (2635)-Sjugirov,S (2677) St Petersburg 2018}) 7... e6 8. a4 b4 9. Ne4 {White is better.} Ne7 10. O-O Nbc6 11. c3 a5 $146 ({Predecessor:} 11... O-O 12. g4 f5 13. exf6 Bxf6 {0-1 (59) Przezdziecka,E (2133)-Szczepkowska,K (2331) Barlinek 2007}) 12. Qe2 O-O 13. g4 bxc3 (13... Nd5 $16) 14. bxc3 $18 Nd5 15. Bd2 Rb8 16. h4 Bc8 17. g5 Rb2 18. Qe1 Nce7 19. Bc1 Rb6 20. Nf6+ Bxf6 21. gxf6 Nf5 {[#]} 22. h5 $1 Nxf6 (22... Ba6 $16 23. Bxf5 exf5) 23. exf6 Qxf6 24. Ra2 Bb7 25. Rh2 Kg7 26. Ng5 {Black must now prevent hxg6.} h6 27. Ne4 Qe7 28. hxg6 fxg6 29. Rff2 Bc6 30. Re2 {Hoping for Ng3.} Rg8 31. Ng3 Kf7 (31... Bd5 $142 32. Kf1 (32. c4 Nxd4 33. Kf1 Bc6 $18) 32... Kf8) 32. Bxf5 gxf5 33. Rxh6 Rg7 34. Rexe6 Qd7 35. Kh2 {White mates.} Bd5 36. Rhf6+ Kg8 37. Re8+ Kh7 38. Nxf5 {Accuracy: White = 82%, Black = 33%.} 1-0

[Event "26th Abu Dhabi Master 2019"]
[Site "Abu Dhabi"]
[Date "2019.08.07"]
[Round "6.9"]
[White "Sanal, Vahap"]
[Black "Esipenko, Andrey"]
[Result "0-1"]
[WhiteElo "2520"]
[BlackElo "2621"]
[Annotator "ChessBase"]
[PlyCount "66"]
[EventDate "2019.08.02"]
[EventType "swiss"]
[EventCountry "UAE"]
[SourceTitle "playchess.com"]
[Source "ChessBase"]
[SourceQuality "1"]
[TimeControl "5400+30"]

1. c4 {[%emt 0:00:38]} e5 {[%emt 0:02:29]} 2. Nc3 {[%emt 0:02:54]} Nf6 {[%emt 0:00:19]} 3. Nf3 {[%emt 0:00:26]} Nc6 {[%emt 0:00:12]} 4. e3 {[%emt 0:00:10]} Bb4 {[%emt 0:00:09]} 5. Qc2 {[%emt 0:00:12]} Bxc3 {[%emt 0:00:09]} 6. bxc3 {[%emt 0:00:07]} d6 {[%emt 0:01:04]} 7. e4 {[%emt 0:00:11]} O-O {[%emt 0:00:33]} 8. g3 {[%emt 0:00:09]} a6 {[%emt 0:01:39]} 9. a4 {[%emt 0:06:17]} Nd7 {[%emt 0:00:50]} 10. Bg2 {[%emt 0:05:11]} Nc5 {[%emt 0:02:03]} 11. Nh4 {[%emt 0:00:49]} Na5 {[%emt 0:00:12]} 12. d3 {[%emt 0:10:40]} Nab3 {[%emt 0:17:03]} 13. Rb1 {[%emt 0:00:14]} Nxc1 {[%emt 0:00:46]} 14. Rxc1 {[%emt 0:00:09]} Qf6 {[%emt 0:04:47]} 15. O-O {[%emt 0:03:40]} g5 {[%emt 0:00:34]} 16. Nf3 {[%emt 0:00:26]} Bg4 {[%emt 0:00:50]} 17. Ne1 {[%emt 0:00:50]} a5 {[%emt 0:02:48]} 18. f4 {[%emt 0:08:27]} gxf4 {[%emt 0:02:19]} 19. gxf4 {[%emt 0:03:26]} exf4 {[%emt 0:00:56]} 20. d4 {[%emt 0:11:17]} Ne6 {[%emt 0:00:28]} 21. Qd2 {[%emt 0:06:20]} Rae8 {[%emt 0:02:57]} 22. Rb1 {[%emt 0:02:39]} b6 {[%emt 0:02:29]} 23. h3 {[%emt 0:05:32]} Bh5 {[%emt 0:00:23]} 24. Rb5 {[%emt 0:00:42]} Qg6 {[%emt 0:07:02]} 25. Rf5 {[%emt 0:01:42]} Qh6 {[%emt 0:00:48]} 26. Rb5 {[%emt 0:08:45]} Bg6 {[%emt 0:05:23]} 27. Kh1 {[%emt 0:00:47]} Kh8 {[%emt 0:02:44]} 28. e5 {[%emt 0:06:33]} c6 {[%emt 0:07:00]} 29. Rxb6 {[%emt 0:00:40]} dxe5 {[%emt 0:00:09]} 30. dxe5 {[%emt 0:00:43]} Bf5 {[%emt 0:00:39]} 31. Kh2 {[%emt 0:04:11]} Rg8 {[%emt 0:01:09]} 32. Nf3 {[%emt 0:03:45]} Rxg2+ {[%emt 0:01:15]} 33. Kxg2 {[%emt 0:00:50]} Bxh3+ {[%emt 0:00:34]} 0-1

[Event "26th Abu Dhabi Master 2019"]
[Site "Abu Dhabi"]
[Date "2019.08.07"]
[Round "6.10"]
[White "Kuybokarov, Temur"]
[Black "Bartel, Mateusz"]
[Result "0-1"]
[WhiteElo "2511"]
[BlackElo "2600"]
[Annotator "ChessBase"]
[PlyCount "88"]
[EventDate "2019.08.02"]
[EventType "swiss"]
[EventCountry "UAE"]
[SourceTitle "playchess.com"]
[Source "ChessBase"]
[SourceQuality "1"]
[TimeControl "5400+30"]

1. d4 {[%emt 0:00:00]} d5 {[%emt 0:00:00]} 2. c4 {[%emt 0:00:00]} c6 {[%emt 0:00:00]} 3. Nc3 {[%emt 0:00:04]} Nf6 {[%emt 0:00:00]} 4. Nf3 {[%emt 0:00:18]} e6 {[%emt 0:00:00]} 5. Bg5 {[%emt 0:00:16]} Nbd7 {[%emt 0:00:04]} 6. e3 {[%emt 0:00:55]} h6 {[%emt 0:00:11]} 7. Bh4 {[%emt 0:00:21]} g5 {[%emt 0:00:09]} 8. Bg3 {[%emt 0:00:15]} Nh5 {[%emt 0:00:03]} 9. Qc2 {[%emt 0:00:18]} Nxg3 {[%emt 0:00:29]} 10. hxg3 {[%emt 0:00:11]} Bg7 {[%emt 0:00:05]} 11. O-O-O {[%emt 0:00:18]} Qe7 {[%emt 0:09:40]} 12. Kb1 {[%emt 0:00:19]} dxc4 {[%emt 0:11:30]} 13. Bxc4 {[%emt 0:00:57]} Nb6 {[%emt 0:00:06]} 14. Bb3 {[%emt 0:16:06]} Bd7 {[%emt 0:15:30]} 15. Ne4 {[%emt 0:03:55]} O-O-O {[%emt 0:00:04]} 16. Qc5 {[%emt 0:07:21]} Qf8 {[%emt 0:00:39]} 17. Qa5 {[%emt 0:06:13]} Kb8 {[%emt 0:00:48]} 18. Ne5 {[%emt 0:08:13]} Be8 {[%emt 0:10:04]} 19. f4 {[%emt 0:09:02]} Qe7 {[%emt 0:07:28]} 20. Qc5 {[%emt 0:04:47]} Qc7 {[%emt 0:03:05]} 21. Qc1 {[%emt 0:00:15]} Nd5 {[%emt 0:05:03]} 22. Nc5 {[%emt 0:00:28]} Qe7 {[%emt 0:00:09]} 23. e4 {[%emt 0:03:47]} Nc7 {[%emt 0:05:08]} 24. Bc4 {[%emt 0:04:59]} f6 {[%emt 0:02:04]} 25. Nf3 {[%emt 0:02:10]} Bg6 {[%emt 0:07:32]} 26. Rhe1 {[%emt 0:00:09]} e5 {[%emt 0:04:26]} 27. f5 {[%emt 0:01:14]} Bh5 {[%emt 0:02:46]} 28. Qe3 {[%emt 0:01:57]} exd4 {[%emt 0:00:53]} 29. Rxd4 {[%emt 0:02:17]} Rxd4 {[%emt 0:00:02]} 30. Qxd4 {[%emt 0:00:15]} Rd8 {[%emt 0:00:04]} 31. Qe3 {[%emt 0:00:46]} Bf8 {[%emt 0:01:49]} 32. Nb3 {[%emt 0:01:32]} Qb4 {[%emt 0:02:05]} 33. Rc1 {[%emt 0:00:56]} Bd6 {[%emt 0:00:19]} 34. a3 {[%emt 0:01:47]} Qb6 {[%emt 0:01:06]} 35. Qc3 {[%emt 0:03:20]} Bxf3 {[%emt 0:00:27]} 36. Qxf3 {[%emt 0:00:51]} Be5 {[%emt 0:00:12]} 37. Rd1 {[%emt 0:02:08]} Ne8 {[%emt 0:04:44]} 38. Rxd8+ {[%emt 0:05:39]} Qxd8 {[%emt 0:00:07]} 39. Be6 {[%emt 0:01:28]} Qb6 {[%emt 0:00:25]} 40. Qd3 {[%emt 0:03:00]} Nd6 {[%emt 0:00:17]} 41. Qc2 {[%emt 0:00:23]} Qe3 {[%emt 0:02:00]} 42. Nd2 {[%emt 0:05:07]} Qg1+ {[%emt 0:01:01]} 43. Ka2 {[%emt 0:03:32]} Qxg2 {[%emt 0:00:13]} 44. g4 {[%emt 0:01:29]} Bf4 {[%emt 0:02:02]} 0-1

[Event "26th Abu Dhabi Master 2019"]
[Site "Abu Dhabi"]
[Date "2019.08.07"]
[Round "6.11"]
[White "Assaubayeva, Bibisara"]
[Black "Aravindh, Chithambaram VR."]
[Result "0-1"]
[WhiteElo "2375"]
[BlackElo "2600"]
[Annotator "ChessBase"]
[PlyCount "92"]
[EventDate "2019.08.02"]
[EventType "swiss"]
[EventCountry "UAE"]
[SourceTitle "playchess.com"]
[Source "ChessBase"]
[SourceQuality "1"]
[TimeControl "5400+30"]

1. d4 {[%emt 0:00:00]} e6 {[%emt 0:00:00]} 2. c4 {[%emt 0:00:38]} Nf6 {[%emt 0:00:11]} 3. Nf3 {[%emt 0:00:22]} c5 {[%emt 0:00:53]} 4. Nc3 {[%emt 0:05:04]} cxd4 {[%emt 0:00:56]} 5. Nxd4 {[%emt 0:00:08]} Nc6 {[%emt 0:00:06]} 6. g3 {[%emt 0:00:12]} Qb6 {[%emt 0:01:19]} 7. Ndb5 {[%emt 0:01:16]} Ne5 {[%emt 0:01:03]} 8. Bg2 {[%emt 0:01:23]} a6 {[%emt 0:15:13]} 9. Na4 {[%emt 0:00:18]} Qa5+ {[%emt 0:04:03]} 10. Nbc3 {[%emt 0:00:09]} Nxc4 {[%emt 0:05:13]} 11. O-O {[%emt 0:00:08]} Bb4 {[%emt 0:04:44]} 12. a3 {[%emt 0:05:58]} Bxc3 {[%emt 0:02:22]} 13. Nxc3 {[%emt 0:00:18]} O-O {[%emt 0:03:12]} 14. e4 {[%emt 0:04:15]} d6 {[%emt 0:07:57]} 15. Qe2 {[%emt 0:04:36]} Ne5 {[%emt 0:01:21]} 16. f4 {[%emt 0:04:45]} Nc6 {[%emt 0:00:32]} 17. Be3 {[%emt 0:03:59]} e5 {[%emt 0:01:55]} 18. b4 {[%emt 0:04:35]} Qd8 {[%emt 0:03:51]} 19. f5 {[%emt 0:04:10]} Nd4 {[%emt 0:00:26]} 20. Qd3 {[%emt 0:06:45]} Bd7 {[%emt 0:03:14]} 21. Bxd4 {[%emt 0:02:46]} exd4 {[%emt 0:00:06]} 22. Qxd4 {[%emt 0:00:09]} Rc8 {[%emt 0:01:27]} 23. Rad1 {[%emt 0:04:30]} Re8 {[%emt 0:05:39]} 24. Nd5 {[%emt 0:11:26]} Nxd5 {[%emt 0:08:10]} 25. Qxd5 {[%emt 0:00:04]} Rc6 {[%emt 0:02:05]} 26. Qd4 {[%emt 0:04:19]} Re5 {[%emt 0:01:12]} 27. Rd2 {[%emt 0:04:10]} Kf8 {[%emt 0:01:37]} 28. Rfd1 {[%emt 0:02:31]} Ke7 {[%emt 0:02:55]} 29. Qf2 {[%emt 0:01:44]} Qb6 {[%emt 0:02:26]} 30. Rd4 {[%emt 0:02:05]} f6 {[%emt 0:01:34]} 31. a4 {[%emt 0:02:07]} Qc7 {[%emt 0:00:26]} 32. a5 {[%emt 0:02:47]} Rc1 {[%emt 0:02:34]} 33. Qd2 {[%emt 0:03:35]} Rxd1+ {[%emt 0:01:37]} 34. Qxd1 {[%emt 0:00:01]} b6 {[%emt 0:00:30]} 35. axb6 {[%emt 0:00:48]} Qxb6 {[%emt 0:00:05]} 36. Kh1 {[%emt 0:00:20]} Rb5 {[%emt 0:00:23]} 37. Bf1 {[%emt 0:07:28]} Rxb4 {[%emt 0:00:56]} 38. Rxb4 {[%emt 0:00:01]} Qxb4 {[%emt 0:00:07]} 39. Qg4 {[%emt 0:00:13]} g5 {[%emt 0:04:09]} 40. Bxa6 {[%emt 0:00:50]} Bc6 {[%emt 0:00:26]} 41. Bd3 {[%emt 0:02:14]} d5 {[%emt 0:00:25]} 42. Qe2 {[%emt 0:02:54]} dxe4 {[%emt 0:00:08]} 43. Bc2 {[%emt 0:00:22]} Qc5 {[%emt 0:02:31]} 44. Kg2 {[%emt 0:03:19]} e3+ {[%emt 0:01:29]} 45. Kh3 {[%emt 0:00:54]} h5 {[%emt 0:00:18]} 46. Bd3 {[%emt 0:00:39]} Qd4 {[%emt 0:00:39]} 0-1